[Event "Amantea op-B 8th"]
[Site "Amantea"]
[Date "2010.09.02"]
[Round "5"]
[White "Bevilacqua, Michele"]
[Black "Scovazzi, Tullio"]
[Result "1-0"]
[WhiteElo "1820"]
[BlackElo "1753"]
[PlyCount "103"]
[EventDate "2010.08.29"]
[EventType "swiss"]
[EventRounds "9"]
[EventCountry "ITA"]
[SourceTitle "CBM 138 Extra"]
[Source "ChessBase"]
[SourceDate "2010.10.29"]
[SourceVersion "1"]
[SourceVersionDate "2010.10.29"]
[SourceQuality "1"]

1. e4 e5 2. d4 exd4 3. c3 d3 4. Qxd3 d6 5. Nf3 Nc6 6. Na3 Be7 7. Be2 Nf6 8. h3 0-0 9. Be3 Be6 10. Ng5 Ne5 11. Qc2 c6 12. f4 Ng6 13. f5 Nh4 14. fxe6 Nxg2+ 15. Kf2 Nxe3 16. Kxe3 d5 17. exf7+ Kh8 18. Rad1 h6 19. Ne6 Qb6+ 20. Kd2 Nxe4+ 21. Kc1 Rxf7 22. Qd3 Nf2 23. Qg6 Qe3+ 24. Kb1 Bf6 25. Qxf7 Nxh1 26. Bd3 Nf2 27. Nc2 Qf3 28. Rg1 Rg8 29. Bg6 Nxh3 30. Rc1 Nf4 31. Ne1 Qg3 32. Nxf4 Qxf4 33. Nd3 Qg3 34. Bf5 Qg5 35. Bg6 d4 36. Re1 Qd5 37. Qxd5 cxd5 38. cxd4 b6 39. Nf4 Rd8 40. Nxd5 Kg8 41. Nxf6+ gxf6 42. Re8+ Rxe8 43. Bxe8 f5 44. Bh5 Kg7 45. Kc2 Kf6 46. Kd3 Ke6 47. Kc4 a6 48. a4 b5+ 49. axb5 axb5+ 50. Kc5 f4 51. Bg4+ Kf6 52. d5 1-0